00325nam a2200121Ia 4500008004100000041000800041082001400049100002100063245004400084260003500128300003300163365000700196240624s9999 xx 000 0 und d aeng a332.6 DAM aDAMODARAN ASWATH aINVESTMENT FABLES EXPOSING THE MYTHS OF c2004aDelhibPearson Education axxvii, : 539 : p. : cm. ; 24 cRS